Bridges : (Record no. 10782)
[ view plain ]
| 000 -LEADER | |
|---|---|
| fixed length control field | 01337cam a22003377a 4500 |
| 001 - CONTROL NUMBER | |
| control field | 14360072 |
| 005 - DATE AND TIME OF LATEST TRANSACTION | |
| control field | 20201124142810.0 |
| 008 - FIXED-LENGTH DATA ELEMENTS--GENERAL INFORMATION | |
| fixed length control field | 060501s2005 onca b 001 0 eng |
| 020 ## - INTERNATIONAL STANDARD BOOK NUMBER | |
| International Standard Book Number | 1845330803 |
| 035 ## - SYSTEM CONTROL NUMBER | |
| System control number | (CStRLIN)ONCGCN2005902202-B |
| 035 ## - SYSTEM CONTROL NUMBER | |
| System control number | (CaOONL)20059022027 |
| 040 ## - CATALOGING SOURCE | |
| Original cataloging agency | CaOONL |
| Language of cataloging | eng |
| Transcribing agency | CaOONL |
| Modifying agency | CaOONL |
| -- | DLC |
| 042 ## - AUTHENTICATION CODE | |
| Authentication code | lccopycat |
| 050 00 - LIBRARY OF CONGRESS CALL NUMBER | |
| Classification number | TG15 |
| Item number | .B68 2005 |
| 055 01 - CLASSIFICATION NUMBERS ASSIGNED IN CANADA | |
| Classification number | TG15 |
| 055 00 - CLASSIFICATION NUMBERS ASSIGNED IN CANADA | |
| Classification number | TG15 |
| Item number | B76 2005 fol. |
| 082 00 - DEWEY DECIMAL CLASSIFICATION NUMBER | |
| Classification number | 624.2 |
| Edition number | 22 |
| Item number | BRO |
| 100 1# - MAIN ENTRY--PERSONAL NAME | |
| Personal name | Brown, David J. |
| 245 10 - TITLE STATEMENT | |
| Title | Bridges : |
| Remainder of title | Three Thousand Years of Defying Nature / |
| Statement of responsibility, etc | David J. Brown. |
| 250 ## - EDITION STATEMENT | |
| Edition statement | [Revised edition] |
| 260 ## - PUBLICATION, DISTRIBUTION, ETC. (IMPRINT) | |
| Place of publication, distribution, etc | London : |
| Name of publisher, distributor, etc | Mitchell Beazley, |
| Date of publication, distribution, etc | 2005. |
| 300 ## - PHYSICAL DESCRIPTION | |
| Extent | 208 p. : |
| Other physical details | ill. (chiefly col.) ; |
| Dimensions | 26 cm. |
| 500 ## - GENERAL NOTE | |
| General note | "A Firefly book"-- T.p. verso. |
| 504 ## - BIBLIOGRAPHY, ETC. NOTE | |
| Bibliography, etc | Includes bibliographical references (p. 204-205) and index. |
| 856 41 - ELECTRONIC LOCATION AND ACCESS | |
| Materials specified | Table of contents only |
| Uniform Resource Identifier | <a href="http://www.loc.gov/catdir/enhancements/fy0664/2006275390-t.html">http://www.loc.gov/catdir/enhancements/fy0664/2006275390-t.html</a> |
| 856 42 - ELECTRONIC LOCATION AND ACCESS | |
| Materials specified | Contributor biographical information |
| Uniform Resource Identifier | <a href="http://www.loc.gov/catdir/enhancements/fy0645/2006275390-b.html">http://www.loc.gov/catdir/enhancements/fy0645/2006275390-b.html</a> |
| 856 42 - ELECTRONIC LOCATION AND ACCESS | |
| Materials specified | Publisher description |
| Uniform Resource Identifier | <a href="http://www.loc.gov/catdir/enhancements/fy0645/2006275390-d.html">http://www.loc.gov/catdir/enhancements/fy0645/2006275390-d.html</a> |
| 942 ## - ADDED ENTRY ELEMENTS (KOHA) | |
| Source of classification or shelving scheme | Dewey Decimal Classification |
| Item type | Book - Borrowing |
| Withdrawn status | Item status | Source of classification or shelving scheme | Damaged status | Not for loan | Vendor | Home library | Current library | Shelving location | Date acquired | Source of acquisition | Cost, normal purchase price | Serial Enumeration / chronology | Total Checkouts | Total Renewals | Full call number | Barcode | Date last seen | Date last borrowed | Koha item type |
|---|---|---|---|---|---|---|---|---|---|---|---|---|---|---|---|---|---|---|---|
| Dewey Decimal Classification | Alahram | Central Library | Central Library | First floor | 09/02/2009 | 270.00 | 6465 | 6 | 14 | 624.209 BRO | 000014776 | 15/07/2025 | 13/09/2021 | Book - Borrowing |